000 00523nam a2200157Ia 4500
008 100204s9999 xx 000 0 und d
082 _b28556
100 _aसाळुंखे आ. ह.
245 _aहिंदु संस्कृती आणि स्त्री
250 _a0
260 _c2007
300 _a179
630 _aहिंदु संस्कृती आणि स्त्री
730 _aहिंदु संस्कृती आणि स्त्री
942 _cBOOK
999 _c473714
_d473711